000 00560nam a2200193Ia 4500
003 GCL
008 140319s9999 xx 000 0 ara d
040 _aGCL /
_cGCL
082 0 4 _a220.962
_bا ق
100 1 _aابراهيم داود
245 1 0 _aالقران فى مصر /
_cابراهيم داود
300 _a232 ص
490 _aالهيئة العامة للاستعلامات
_v0
650 0 4 _aالاسلام
650 0 4 _aالقران
650 0 4 _aالقران - تاريخ
650 0 4 _aالقران - جمع وتدوين
942 _2ddc
_cBK
999 _c47904
_d47904